000 00766nam a2200229Ii 4500
003 JO-AjNU
008 230605s9999||||xx |||||||||||||| ||und||
017 _a2006/6/1744
020 _a9957-05-146-6
040 _aJO-AjNU
_bara
_erda
_cJO-AjNU
041 _aara
050 1 4 _aPJ6106.U4238 2007
100 3 _aالعكيلي،حسن منديل,
_eauthor
_923564
245 0 0 _aالخلاف النحوي في ضوء محاولات التيسير الحديثة
250 _aط1
264 3 1 _aعمان: دار الضياء للنشر والتوزيع، 2007
300 _a336ص
336 _atext
_btxt
_2rdacontent
337 _aunmediated
_bn
_2rdamedia
338 _avolume
_bnc
_2rdacarrier
650 4 _aقواعد اللغة-اللغة العربية
_923565
999 _aA8543
_c12111
_d12111